<?xml version="1.0" encoding="UTF-8"?>
<record
    xmlns:xsi="http://www.w3.org/2001/XMLSchema-instance"
    xsi:schemaLocation="http://www.loc.gov/MARC21/slim http://www.loc.gov/standards/marcxml/schema/MARC21slim.xsd"
    xmlns="http://www.loc.gov/MARC21/slim">

  <leader>01065nam a22002777a 4500</leader>
  <datafield tag="952" ind1=" " ind2=" ">
    <subfield code="a">0001</subfield>
    <subfield code="b">0001</subfield>
    <subfield code="d">2024-03-18</subfield>
    <subfield code="h">c.1</subfield>
    <subfield code="l">0</subfield>
    <subfield code="o">818.2309 T27y 2021</subfield>
    <subfield code="p">21582</subfield>
    <subfield code="r">2024-03-18 00:00:00</subfield>
    <subfield code="t">c.1</subfield>
    <subfield code="w">2024-03-18</subfield>
    <subfield code="y">BKS</subfield>
  </datafield>
  <datafield tag="952" ind1=" " ind2=" ">
    <subfield code="a">0001</subfield>
    <subfield code="b">0001</subfield>
    <subfield code="d">2024-03-18</subfield>
    <subfield code="h">c.2</subfield>
    <subfield code="l">0</subfield>
    <subfield code="o">818.2309 T27y 2021</subfield>
    <subfield code="p">21583</subfield>
    <subfield code="r">2024-03-18 00:00:00</subfield>
    <subfield code="t">c.2</subfield>
    <subfield code="w">2024-03-18</subfield>
    <subfield code="y">BKS</subfield>
  </datafield>
  <datafield tag="999" ind1=" " ind2=" ">
    <subfield code="c">15668</subfield>
    <subfield code="d">15668</subfield>
  </datafield>
  <controlfield tag="003">MIRAKIL</controlfield>
  <controlfield tag="005">20240318164632.0</controlfield>
  <controlfield tag="008">240318b        tu ||||| |||| 00| 0 tur d</controlfield>
  <datafield tag="020" ind1=" " ind2=" ">
    <subfield code="a">9786057670380 (tk)</subfield>
  </datafield>
  <datafield tag="020" ind1=" " ind2=" ">
    <subfield code="a">9786057670397 (1.c)</subfield>
  </datafield>
  <datafield tag="020" ind1=" " ind2=" ">
    <subfield code="a">9786057670403 (2.c)</subfield>
  </datafield>
  <datafield tag="040" ind1=" " ind2=" ">
    <subfield code="a">TR-AnCHP</subfield>
    <subfield code="c">TR-AnCHP</subfield>
  </datafield>
  <datafield tag="041" ind1=" " ind2=" ">
    <subfield code="a">tur</subfield>
  </datafield>
  <datafield tag="082" ind1=" " ind2=" ">
    <subfield code="a">818.2309</subfield>
    <subfield code="b">T27y 2021</subfield>
  </datafield>
  <datafield tag="100" ind1="1" ind2=" ">
    <subfield code="a">Tatc&#x131;, Mustafa</subfield>
  </datafield>
  <datafield tag="245" ind1="1" ind2="0">
    <subfield code="a">Yunus Emre /</subfield>
    <subfield code="c">yazar Mustafa Tatc&#x131; ; edit&#xF6;rler Leyl&#xE2; &#x130;pek&#xE7;i, Muhammed B&#xE2;k&#x131;r K&#xF6;se</subfield>
  </datafield>
  <datafield tag="250" ind1=" " ind2=" ">
    <subfield code="a">1. bas&#x131;m Nisan 2021</subfield>
  </datafield>
  <datafield tag="260" ind1=" " ind2=" ">
    <subfield code="a">&#x130;stanbul :</subfield>
    <subfield code="b">H Yay&#x131;nlar&#x131;,</subfield>
    <subfield code="c">2021</subfield>
  </datafield>
  <datafield tag="300" ind1=" " ind2=" ">
    <subfield code="a">2 cilt (888, 917 sayfa) :</subfield>
    <subfield code="b">renkli resim ;</subfield>
    <subfield code="c">33 cm</subfield>
  </datafield>
  <datafield tag="500" ind1=" " ind2=" ">
    <subfield code="a">Dizin vard&#x131;r
</subfield>
  </datafield>
  <datafield tag="500" ind1=" " ind2=" ">
    <subfield code="a">&#x130;&#xE7;indekiler: 1. cilt: Y&#xFB;nus Emre'nin hayat&#x131;, san'at&#x131;, &#x15F;iir d&#xFC;nyas&#x131; - Y&#xFB;nus Emre &#x15F;erhleri - 2. cilt: D&#xEE;v&#xE2;n-&#x131; il&#xE2;hiy&#xE2;t - Ris&#xE2;let&#xFC;'n-Nushiye - &#xC2;&#x15F;&#x131;k Y&#xFB;nus
</subfield>
  </datafield>
  <datafield tag="504" ind1=" " ind2=" ">
    <subfield code="a">Kaynak&#xE7;a: 799-811. sayfa
</subfield>
  </datafield>
  <datafield tag="600" ind1="1" ind2="4">
    <subfield code="9">4598</subfield>
    <subfield code="a">Yunus Emre</subfield>
  </datafield>
  <datafield tag="856" ind1=" " ind2=" ">
    <subfield code="z">Dijital N&#xFC;shas&#x131; i&#xE7;in Partimizin K&#xFC;t&#xFC;phane Sorumlusu ile ileti&#x15F;ime ge&#xE7;iniz.</subfield>
  </datafield>
  <datafield tag="942" ind1=" " ind2=" ">
    <subfield code="2">ddc</subfield>
    <subfield code="c">BKS</subfield>
  </datafield>
</record>
